00547nai a2200157Ia 4500003000900000008004100009022002200050022002300072040001600095245005400111260003400165310001200199362002500211521006900236856008400305IN-BaIIA211028c9999 xx s 000 0 eng d a0894-3230 (Print) a1099-1395 (Online) cIIA Library 0aJournal of Physical Organic Chemistryh[eJournal] aNew JerseybJohn Wiley & Sons aMonthly a9(1); 1996 - Present bSubscribed through National Knowledge Resource Consortium (NKRC) uhttps://onlinelibrary.wiley.com/journal/10991395yClick Here to Access eJournal